000 00296nam a22001217a 4500
008 180206b xxu||||| |||| 00| 0 eng d
041 _aeng
080 _a94
100 _a16
101 _aHIS
245 _aCITY ON HILL AHISTORY OF IDEAS AND MYTH IN AMERICA
_cLOREN.B
942 _2udc
_cBK
999 _c41846
_d41846